| 000 | 01410nam a22003857a 4500 | ||
|---|---|---|---|
| 001 | 211 | ||
| 003 | FISKH | ||
| 005 | 20250331100102.0 | ||
| 008 | 230306b cb ||||| |||| 00| 0 eng d | ||
| 040 |
_aBTCTA _beng _cBTCTA _dBDX _dBKX _dZS3 _dIEP _dBUL _dYDXCP _dOCLCA _dDLC _dFISKH |
||
| 050 | 0 | 0 |
_aPZ7.M462 _bWg 2012 |
| 082 | 0 | 4 |
_a418 _223 |
| 100 | 1 |
_aMayer, Mercer, _d1943- |
|
| 245 | 1 | 0 |
_aWhat a good kitty / _cby Mercer Mayer. |
| 246 | 1 | 8 |
_aLittle Critter : _bwhat a good kitty |
| 250 | _a1st ed. | ||
| 260 |
_aNew York, NY : _bHarper _c2012. |
||
| 300 |
_a32 p. _bcol. ill. ; _c23 cm. |
||
| 490 | 1 | _aI can read! | |
| 500 | _a"My first shared reading." | ||
| 500 | _a"Mercer Mayer's Little Critter"--Cover. | ||
| 505 | _aD | ||
| 520 | _aFollows Little Critter's misadventures with a new pet kitty, who tangles up Mom's knitting, knocks over the trash and gets trapped high up in a tree before bravely protecting her family and hissing at a mean dog. | ||
| 521 | 8 |
_a170
_bLexile |
|
| 521 | 8 |
_aD
_bRaz-Plus |
|
| 600 | 0 | 0 |
_aLittle Critter _c(Fictitious character) _vJuvenile fiction. |
| 600 | 0 | 1 |
_aLittle Critter _c(Fictitious character) _vFiction. |
| 650 | 0 |
_aKittens _vJuvenile fiction. |
|
| 650 | 0 |
_aCats _vJuvenile fiction. |
|
| 650 | 1 |
_aCats _vFiction. |
|
| 655 | 0 | _aReaders (Elementary) | |
| 830 | 0 | _aI can read book. | |
| 906 |
_a7 _bcbc _ccopycat _d2 _eepcn _f20 _gy-gencatlg |
||
| 942 |
_2ddc _cBK _n0 |
||
| 999 |
_c211 _d211 |
||